000 00527nam a22002057a 4500
003 OSt
005 20140310183040.0
008 130222t xxu||||| |||| 00| 0 eng d
020 _a3935508069
050 _aRA 644.A25
_b.W54 2002
100 _aWilkinson, Earl
245 _aAIDS failure Philippines ?
_cEarl K. Wilkinson.
260 _aGermany :
_bBook of Dreams,
_c2002.
300 _a211 p. :
_bill.
_c22 cm.
521 _aNUR
562 _e1
650 _a1. AIDS (disease)
942 _2lcc
_cBK
_kLOC
999 _c18523
_d18523